Eppur si muove ...y, sin embargo, se mueve (Record no. 12147)

MARC details
000 - LÍDER
campo de control de longitud fija 01731nam a2200253Ia 4500
008 - ELEMENTOS DE DATOS DE LONGITUD FIJA - INFORMACIÓN GENERAL
campo de control de longitud fija 0000002008 sp ad 0000000000spa00
020 ## - INTERNATIONAL STANDARD BOOK NUMBER
International Standard Book Number 9788479474676
090 ## - NÚMERO DE LLAMADA DE TIPO LC LOCALMENTE ASIGNADO (OCLC)
Número de clasificación (OCLC) (R) PSP00 E66e
100 1# - ENTRADA PRINCIPAL - NOMBRE PERSONAL
Nombre de la persona Otero, José
Fechas asociadas a un nombre 1979
245 10 - TÍTULO DECLARACIÓN
Título Eppur si muove ...y, sin embargo, se mueve
Declaración de responsabilidad / José Otero ; textos Ramón Salas ; traducción Kim Eddy, María Flink, Meikita Kuhnert ; fotografías Teresa Arozena, José Otero
260 ## - PUBLICACIÓN, DISTRIBUCIÓN
Lugar de publicación Islas Canarias : Consejería de Educación, Universidad, Cultura y Deportes
Fecha de publicación 2008
300 ## - DESCRIPCIÓN FÍSICA
Alcance 109 p.
Dimensiones / 23 cm.
500 ## - NOTA GENERAL
Nota general Exposición realizada en Sala de Arte Contemporáneo de Gobierno de Canarias, Santa Cruz de Tenerife, 2008 \ Texto en español, inglés y alemán \ Proyecto Ganador Programa Apoyos Concertados FGAA 2010
501 ## - Con nota
Con nota Eppu si mouve ...y, sin embargo, se mueve / Ramón Salas
505 ## - NOTA DE CONTENIDO FORMATEADA
Nota sobre el contenido formateado OBRAS : Ad nauseam Diagnóstico pronóstico El miedo ante el lienzo en blanco Aprendiendo a dormir con luz Dormitorio de K Dierssen y P. Kiare. Estudio de un grupo social Desaprender Tabula Reunión de díez personas anónimas Tres personas anónimas perdiendo el tiempo Ejercicio doméstico SobreeXposición 16 segundos Interrupción. vista al cementerio Grundshule Chance Fronteras Imagen de estudio de mis zapatos de pintor Objetos recopilados tras el desastre Trópicos Zoom out
600 00 - ENTRADA DE SUJETO AÑADIDO - NOMBRE PERSONAL
Nombre de la persona OTERO, JOSE. 1979/
Subdivisión general TRABAJOS PICTRICOS
650 14 - ENTRADA DE SUJETO AÑADIDO - TÉRMINO TÓPICO
Término tópico o elemento de entrada del nombre geográfico ARTE CONTEMPORANEO ESPAÑOL
650 14 - ENTRADA DE SUJETO AÑADIDO - TÉRMINO TÓPICO
Término tópico o elemento de entrada del nombre geográfico ARTISTAS PLASTICOS ESPAÑOLES EXPOSIONES
650 14 - ENTRADA DE SUJETO AÑADIDO - TÉRMINO TÓPICO
Subdivisión general CATALOGOS
650 14 - ENTRADA DE SUJETO AÑADIDO - TÉRMINO TÓPICO
Subdivisión general EXPOSICIONES
650 14 - ENTRADA DE SUJETO AÑADIDO - TÉRMINO TÓPICO
Término tópico o elemento de entrada del nombre geográfico PINTURA AL OLEO
650 14 - ENTRADA DE SUJETO AÑADIDO - TÉRMINO TÓPICO
Término tópico o elemento de entrada del nombre geográfico PINTURA ESPAÑOLA
700 1# - ENTRADA AGREGADA - NOMBRE PERSONAL
Nombre de la persona Salas, Ramón \ Eddy, Kim \ Flink, María \ Kuhnhert, Meikita \ Arozena, Teresa
Holdings
Estado de retirada Pérdida de estatus Estado dañado No para préstamo Código de recogida Ubicación permanente Ubicación actual Ubicación de las estanterías Fecha de adquisición Número de llamada completo Código de barras Fecha de la última vez que se vio Número de copia Precio efectivo desde Tipo de artículo Koha
        General ArtNexus ArtNexus General 06/09/2022 P-SP-00 E66E 12270 06/09/2022 Ej.1 06/09/2022 Libro

Powered by Koha